00522nam a2200133Ia 4500008004100000100002600041245008700067245008300154260005300237260001400290300000800304650001500312856006100327170221s9999 xx 000 0 und d aIrina Vasilevna Koval aImproving Dairy Plant Procurement in a Competitive Dairy Market of Primorsky Krai  cIrina Vasilevna Koval, Oksana Yuryevna Vinichuk, Svetlana Evgenievna Savostina bInternational Review of Management and Marketing cJune 2014 a6:1 xMarketing. uhttp://www.econjournals.com/index.php/irmm/issue/view/83